000
00316nam a22001457a 4500
008
210429b ||||| |||| 00| 0 eng d
020
_a
9781269512688
041
_a
eng
080
_a
338
082
_a
338
100
_a
53
101
_a
MEN
245
_a
Foundations of Group Behavior
_c
Pearson
942
_2
udc
_c
BK
999
_c
56970
_d
56970